Informe sobre el consum i l'economia familiar / elaborat pel Servei d'Estudis de Caixa Catalunya, amb la col·laboració de l'equip d'investigació del Departament d'Economia Aplicada de la UAB, dirigit per Josep Oliver Alonso
Descripción Física:
57 p. : quadres, gràfics ; 29 cm
Colección:
Consum i economia familiar ; 46
Otros Autores:
Oliver Alonso, Josep, dir
MARC
| LEADER | 00000nam a2200000Ia 4500 | ||
|---|---|---|---|
| 001 | 18726 | ||
| 008 | 160829s2007 xx 000 0 cat d | ||
| 080 | |a M-5-372 | ||
| 100 | |a Caixa Catalunya | ||
| 245 | |a Informe sobre el consum i l'economia familiar / elaborat pel Servei d'Estudis de Caixa Catalunya, amb la col·laboració de l'equip d'investigació del Departament d'Economia Aplicada de la UAB, dirigit per Josep Oliver Alonso | ||
| 260 | |a Barcelona : |b [s.n.], |c 2007 | ||
| 300 | |a 57 p. : |b quadres, gràfics ; |c 29 cm | ||
| 490 | |a Consum i economia familiar ; 46 | ||
| 590 | |a A la coberta: Els canvis en la taxa de dependència a Espanya i la contribució de la immigració. El PIB avançarà d'un 3,6% interanual el 2007 | ||
| 650 | |a Família |x Aspectes econòmics |9 43770 | ||
| 650 | |a Consum (Economia) |9 43771 | ||
| 700 | |a Oliver Alonso, Josep, dir. |9 43772 | ||
| 901 | |a Arxiu | ||
| 942 | |n 1 | ||
| 952 | |0 0 |1 0 |4 0 |6 M5372 |7 1 |9 51614 |a Arxiu |b Arxiu |d 2016-12-01 |l 0 |o M-5-372 |p 18726 |r 2016-12-01 00:00:00 |w 2016-12-01 |y ARXIU | ||
| 999 | |c 55459 |d 55459 | ||